| 000 | 01124nam a2200253 a 4500 | ||
|---|---|---|---|
| 001 | 62454 | ||
| 003 | BD-RjUL | ||
| 005 | 20211209081104.0 | ||
| 008 | 170124s1977 bg 000 0 eng | ||
| 020 | _c: Tk 20.00 (Inland) | ||
| 035 | _a(BD-RjUL)62580 | ||
| 040 |
_aDLC _cDLC _dDLC _dBD-RjUL _beng |
||
| 041 | _aengben | ||
| 082 |
_223 _a304.6095492021 _bCOM 1977 (VPS) |
||
| 110 | 1 |
_aBangladesh Bureau of Statistics _9155808 |
|
| 245 | 1 | 0 |
_aBangladesh Population census, 1974 : _bVillage Population Statistics : Comilla District = গ্রাম জনসংখ্যা পরিসংখ্যান: কুমিল্লা জিলা / _cBangladesh Bureau of Statistics |
| 246 |
_aগ্রাম জনসংখ্যা পরিসংখ্যান: _bকুমিল্লা জিলা |
||
| 260 |
_aDacca : _bBangladesh Bureau of Statistics _c1977. |
||
| 300 |
_a173 p. : _bIll. ; _c29 cm. |
||
| 500 | _a"Prefatory matter in Bengali and English" | ||
| 651 |
_aBangladesh _zComilla _vCensus, 1974. _9185719 |
||
| 651 |
_aBangladesh _zComilla _xPopulation _vStatistics. _y1974. _9185720 |
||
| 942 |
_2ddc _cRAR |
||
| 999 |
_c62454 _d62454 |
||